Dynasties of England - Statistics

General Stats
  • This quiz has been taken 819 times
    785 since last reset
  • The average score is 9 of 13
Answer Stats
Dynasty % Correct
Tudor
96%
Windsor
96%
Stuart
86%
York
82%
Lancaster
80%
{Saxe}-Coburg-Gotha
78%
Hanover
75%
Plantagenet
71%
Normandy
63%
Wessex
46%
Anjou
45%
Blois
43%
Denmark
30%
No matching quizzes found
Score Distribution
Percent of People with Each Score
Percentile by Number Answered
Your Score History
You have not taken this quiz since the last reset